| 000 | 00553nam a22001817a 4500 | ||
|---|---|---|---|
| 999 |
_c167559 _d167559 |
||
| 005 | 20190909131926.0 | ||
| 010 | _aENG-126350 | ||
| 020 |
_a9789386761767 _c1995.00 |
||
| 035 | _aEN-109882 | ||
| 037 | _bDBAD/PUB | ||
| 082 | _a338.52 | ||
| 100 | _aAgarwal,Shobha | ||
| 245 |
_aPrice theory &resource allocation/ _cby Shobha Agarwal[and]H.S.Agarwal |
||
| 260 |
_aNew Delhi _bAne Books Pvt.Ltd. _c2019 |
||
| 270 | _a4821,Parwana Bhawan,1st Floor,24 Ansari Road,Darya Ganj | ||
| 300 |
_a427p: _c24cm |
||
| 942 |
_2ddc _cEN _h338.52 _mAGA |
||